000 00483nam a2200193 a 4500
001 1774864617139
003 YourLibrary
005 20260330153037.0
008 260330s2002##################000#0#eng##
020 _a9780747559009
082 0 4 _a359.0092
_bCOL
100 1 _aColeman, Terry,
_eauthor.
245 1 0 _aNelson :
260 _bBloomsbury Paperbacks,
_c2002.
300 _a427 pages
650 0 _aAdmirals.
942 _cENGLISH
040 _aYourLibrary
_beng
_cYourLibrary
999 _c618318
_d618318